R v SoS Environment and another ex p Spath Holme Ltd (Record no. 66020)

MARC details
000 -LEADER
fixed length control field 01855cam a2200265 4500
001 - CONTROL NUMBER
control field ABS63449
008 - FIXED-LENGTH DATA ELEMENTS--GENERAL INFORMATION
fixed length control field 000000n2001 000 0 eng u
035 ## - SYSTEM CONTROL NUMBER
System control number (Sirsi) u110757
245 ## - TITLE STATEMENT
Title R v SoS Environment and another ex p Spath Holme Ltd
260 ## - PUBLICATION, DISTRIBUTION, ETC.
Date of publication, distribution, etc. 2001
490 ## - SERIES STATEMENT
Series statement Weekly Law Reports
Volume/sequential designation [2001] 2 WLR 15-55(41)
520 ## - SUMMARY, ETC.
Summary, etc. HL 7 December 2000. The CA granted an application from SH, freehold owners of flats let on regulated tenancies, to for judicial review and quashed the Rent Acts (Maximum Fair Rent) Order 1999, by which the SoS sought to apply a maximum limit to fair rent increases which could be registered under the Rent Act 1977, on the grounds that it was made ultra vires and was therefore invalid. On appeal from SoS the HL ruled that it was only permissible to construe a consolidating provision by the enactments it replaced where the language or purpose of that provision was unclear and that as this was not the case reference to the Housing Rent and Subsidies Act 1975 s11 was not appropriate. It was also ruled that the Landlord and Tenant Act 1985 s31 conferred a reserve discretionary power if the SoS and that consequently the Order had been made lawfully. "Held": Appeal allowed. View judgment at www.parliament.the-stationery-office.co.uk.
590 ## - LOCAL NOTE (RLIN)
Local note ABS
650 ## - SUBJECT ADDED ENTRY--TOPICAL TERM
Topical term or geographic name entry element FAIR RENTS
650 ## - SUBJECT ADDED ENTRY--TOPICAL TERM
Topical term or geographic name entry element HOUSING RENT AND SUBSIDIES ACT 1975 S11
650 ## - SUBJECT ADDED ENTRY--TOPICAL TERM
Topical term or geographic name entry element LANDLORD AND TENANT ACT 1985 S31
650 ## - SUBJECT ADDED ENTRY--TOPICAL TERM
Topical term or geographic name entry element PEPPER V HART
650 ## - SUBJECT ADDED ENTRY--TOPICAL TERM
Topical term or geographic name entry element R V SOS ENVIRONMENT AND ANOTHER EX P SPATH HOLME LTD
650 ## - SUBJECT ADDED ENTRY--TOPICAL TERM
Topical term or geographic name entry element RENT ACT 1977
650 ## - SUBJECT ADDED ENTRY--TOPICAL TERM
Topical term or geographic name entry element RENT ACTS (MAXIMUM FAIR RENT) ORDER 1999
650 ## - SUBJECT ADDED ENTRY--TOPICAL TERM
Topical term or geographic name entry element ULTRA VIRES
690 ## - LOCAL SUBJECT ADDED ENTRY--TOPICAL TERM (OCLC, RLIN)
Topical term or geographic name as entry element LANDLORD AND TENANT-RESIDENTIAL TENANCIES-CASE LAW
856 ## - ELECTRONIC LOCATION AND ACCESS
Uniform Resource Identifier <a href="https://www.parliament.the-stationery-office.co.uk/pa/ld199697/ldjudgmt/ldjudgmt.htm/vView judgement on the HL website...">https://www.parliament.the-stationery-office.co.uk/pa/ld199697/ldjudgmt/ldjudgmt.htm/vView judgement on the HL website...</a>
942 ## - ADDED ENTRY ELEMENTS (KOHA)
Suppress in OPAC 0
Holdings
Withdrawn status Lost status Source of classification or shelving scheme Damaged status Not for loan Home library Current library Shelving location Date acquired Total Checkouts Full call number Barcode Date last seen Copy number Price effective from Koha item type
    Dewey Decimal Classification     London London Journal article 06/02/2001   ABS63449 110757-1001 06/08/2019 1 06/08/2019 Law report